000 00492nam a22002057a 4500
003 OSt
005 20180116182954.0
008 140219b xxu||||| |||| 00| 0 eng d
040 _c0
050 _a658.84
082 _26th
_a658.4
100 _aEfraim Turban
245 _aElectronic Commerce 2010
_bA Managerial Perspective
_cEfraim Turban
250 _aEfraim Turban
260 _c2012
300 _a778p.
600 _aEfraim Turban
700 _aEfraim Turban
942 _2ddc
_cBK
999 _c349615
_d349615